Pesta ria di Teluk Rambai

Bibliographic Details
Main Author: Blyton, Enid
Other Authors: Liza Fadly (illustrasi)
Format: Book
Published: Kuala Lumpur : Penerbitan Fargoes Sdn. Bhd. , 1995
Series:Siri misteri
Subjects:

MARC

LEADER 00000cam a2200000 7i4500
001 0000009121
002 000009934
005 20000330.0
020 |a 9679747484 
090 0 0 |a JF   |b BLY 
100 1 |a Blyton, Enid 
245 1 0 |a Pesta ria di Teluk Rambai   |c Enid Blyton ; illustrasi oleh Liza Fadly 
260 |a Kuala Lumpur :   |b Penerbitan Fargoes Sdn. Bhd. ,   |c 1995 
300 |a 128 p. :   |b ill. ;   |c 17 cm. 
490 0 |a Siri misteri 
650 0 0 |a Children's stories, Malay 
700 1 |a Liza Fadly ,   |e illustrasi 
999 |a 048691   |b BUKU   |c PINJAMAN   |e PERPUSTAKAAN KOMUNITI PETALING JAYA